Knowledge management

সংরক্ষণ করুন:
গ্রন্থ-পঞ্জীর বিবরন
প্রধান লেখক: Frappaolo, Carl (Author)
বিন্যাস: গ্রন্থ
ভাষা:ইংরেজি
প্রকাশিত: Londres Capstone 2006
বিষয়গুলি:
ট্যাগগুলো: ট্যাগ যুক্ত করুন
কোনো ট্যাগ নেই, প্রথমজন হিসাবে ট্যাগ করুন!

MARC

LEADER 00000nam a2200000 a 4500
001 UCI5436
003 CL-VaPUC
008 080328e20060000UK |||||||||||||||||eng|d
020 |a 9781841127057 
082 0 4 |a 658.4038  |b FRA  |2 21 
100 0 |a Frappaolo, Carl  |e author  |9 527814 
245 1 0 |a Knowledge management 
300 |a 136 p 
942 |c BK 
945 |d 20080328 00:00:00  |a rbrito 
260 |a Londres  |b Capstone  |c 2006 
650 0 |a Análisis de la información  |9 306986 
650 7 |a DISEMINACION DE LA INFORMACION  |2 CL-VaPUC  |9 527815 
650 0 |a Flujo de información  |9 363519 
650 7 |a RECOPILACION DE DATOS  |2 CL-VaPUC  |9 361814 
650 0 |a Sistemas de información   |9 260286 
583 |a last modification  |c 20170612 05:02:42  |k Rodrigo Vera 
999 |c 329180  |d 329178 
952 |0 0  |1 0  |4 0  |6 658_403800000000000_FRA_2006  |7 0  |8 A  |9 413547  |a BIBING  |b BIBING  |d 2019-11-22  |i 4417852  |o 658.4038 FRA 2006  |p 4417852  |r 2025-01-20  |w 2019-11-22  |y BK  |k EII